Policing the police - need for judicial vigilance (Record no. 510238)

000 -LEADER
fixed length control field 00455nam a2200169 4500
008 - FIXED-LENGTH DATA ELEMENTS--GENERAL INFORMATION
fixed length control field 190808b ||||| |||| 00| 0 eng d
100 ## - MAIN ENTRY--PERSONAL NAME
Personal name Kumari D., Lathika
245 ## - TITLE STATEMENT
Title Policing the police - need for judicial vigilance
260 ## - PUBLICATION, DISTRIBUTION, ETC. (IMPRINT)
Date of publication, distribution, etc 2019
300 ## - PHYSICAL DESCRIPTION
Extent p.6-15.
650 ## - SUBJECT ADDED ENTRY--TOPICAL TERM
Topical term or geographic name as entry element Courts
9 (RLIN) 7880
650 ## - SUBJECT ADDED ENTRY--TOPICAL TERM
Topical term or geographic name as entry element Judicial vigilance
9 (RLIN) 7881
700 ## - ADDED ENTRY--PERSONAL NAME
Personal name Shekhar, Beulah
9 (RLIN) 7882
773 ## - HOST ITEM ENTRY
Main entry heading Indian Police Journal
906 ## - LOCAL DATA ELEMENT F, LDF (RLIN)
Subject DIP Police
942 ## - ADDED ENTRY ELEMENTS (KOHA)
Source of classification or shelving scheme
Item type Articles
Holdings
Withdrawn status Lost status Source of classification or shelving scheme Damaged status Not for loan Permanent location Current location Date acquired Serial Enumeration / chronology Barcode Date last seen Koha item type
          Indian Institute of Public Administration Indian Institute of Public Administration 2019-08-08 65(4), Oct-Dec, 2018: p.6-15. AR120188 2019-08-08 Articles

Powered by Koha